Gaming Quiz

Random Gaming or Pokémon Quiz

20 Weakest Fully Evolved Pokémon Quiz Stats

 Plays Quiz not verified by Sporcle

Score 0/20 Timer 06:00
1 Play Today
Base Stat Pokémon % Correct
385Butterfree
87.2%
385Beedrill
85.5%
236Shedinja
82%
385Beautifly
69.5%
385Dustox
68.3%
405Parasect
60.7%
410Medicham
59.6%
410Bibarel
59.2%
410Magcargo
59.1%
413Raticate
57.8%
Base Stat Pokémon % Correct
405Dugtrio
46.3%
390Ledian
45.8%
390Ariados
43.9%
415Furret
42.7%
384Kricketune
36.5%
414Masquerain
34.5%
410Sudowoodo
27.2%
380Delcatty
22.9%
410Azumarill
20.5%
405Wobbuffet
17.8%

You're not logged in!

Compare scores with friends on all Sporcle quizzes.
OR
Log In

Show Comments

Extras

Top Quizzes Today


Score Distribution

Your Account Isn't Verified!

In order to create a playlist on Sporcle, you need to verify the email address you used during registration. Go to your Sporcle Settings to finish the process.

Report this User

Report this user for behavior that violates our Community Guidelines.

Details: